000 00719nam a2200229 4500
003 LK-CoMWRAF
005 20231013124925.0
008 230924b |||||||| |||| 00| 0 eng d
020 _a0815624840
040 _aLK-CoMWRAF
_dLK-CoMWRAF
_eLK-CoMWRAF
041 _aeng
082 _a340.59
_bANN
100 _aAn-Na'im Abdullahi Ahmed
245 _aToward an Islamic reformation :
_bCivil liberties, Human rights and international Law
260 _aNew York :
_bSyracuse University,
_c1990
300 _axvi, 253 p. ; 24 cm.
650 _aIslamic law
650 _aPublic law (Islamic law)
650 _aInternational law (Islamic law)
650 _aHuman rights -- Religious aspects -- Islam
942 _cBK
999 _c3649
_d3649